MARC details
| 000 -LEADER |
| campo de control de longitud fija |
02295nam a22003857a 4500 |
| 003 - IDENTIFICADOR DE NÚMERO DE CONTROL |
| campo de control |
BO-EaUP |
| 005 - FECHA Y HORA DE LA ÚLTIMA TRANSACCIÓN |
| campo de control |
20260508113217.0 |
| 008 - DATOS DE LONGITUD FIJA--INFORMACIÓN GENERAL |
| campo de control de longitud fija |
260508b2022 ck a||||r|||| 00| 0 spa d |
| 020 ## - NÚMERO INTERNACIONAL ESTÁNDAR DEL LIBRO |
| Número Internacional Estándar del Libro |
978-958-503-232-3 |
| 040 ## - FUENTE DE CATALOGACIÓN |
| Centro catalogador/agencia de origen |
BO-EaUP |
| Lengua de catalogación |
spa |
| Centro/agencia transcriptor |
Biblioteca admiempresas |
| Normas de descripción |
RDA |
| 041 ## - CÓDIGO DE IDIOMA |
| Código de lengua del texto/banda sonora o título independiente |
spa |
| Código de lengua original |
spa |
| 082 ## - NÚMERO DE LA CLASIFICACIÓN DECIMAL DEWEY |
| Número de edición |
21 |
| Número de clasificación |
336.2 |
| 092 ## - ASIGNACIÓN LOCAL DE SIGNATURA TOPOGRÁFICA DEWEY (OCLC) |
| Número de clasificación |
336.2 |
| Signatura Librística |
D885f |
| 100 ## - ENTRADA PRINCIPAL--NOMBRE DE PERSONA |
| Nombre de persona |
Godoy Ramírez, Eduardo |
| Término indicativo de función/relación |
Autor |
| 9 (RLIN) |
67 |
| 245 ## - MENCIÓN DEL TÍTULO |
| Título |
Guía de impuestos ordinarios de las empresas / |
| Mención de responsabilidad, etc. |
Eduardo Godoy R. |
| 250 ## - MENCION DE EDICION |
| Mención de edición |
Primera edición |
| 260 ## - PUBLICACIÓN, DISTRIBUCIÓN, ETC. |
| Lugar de publicación, distribución, etc. |
Bogotá : |
| Nombre del editor, distribuidor, etc. |
Ecoe Ediciones, |
| Fecha de publicación, distribución, etc. |
2022 |
| 300 ## - DESCRIPCIÓN FÍSICA |
| Extensión |
xvi, 261 páginas ; |
| Otras características físicas |
ilustraciones (blanco y negro), figuras, tablas ; Tapa blanda ; |
| Dimensiones |
17 x 24 centímetros ; |
| Tamaño de la unidad |
Tamaño mediano |
| 336 ## - TIPO DE CONTENIDO |
| Fuente |
rdacontent |
| Término de tipo de contenido |
texto |
| Código de tipo de contenido |
txt |
| 337 ## - TIPO DE MEDIO |
| Fuente |
rdamedia |
| Nombre/término del tipo de medio |
no mediado |
| Código del tipo de medio |
n |
| 338 ## - TIPO DE SOPORTE |
| Fuente |
rdacarrier |
| Nombre/término del tipo de soporte |
volumen |
| Código del tipo de soporte |
nc |
| 505 2# - NOTA DE CONTENIDO CON FORMATO |
| Nota de contenido con formato |
Capítulo 1. Impuestos.- Origen.- Clasificación de los impuestos.- Devengo entre regímenes.- |
| 505 2# - NOTA DE CONTENIDO CON FORMATO |
| Nota de contenido con formato |
Capítulo 2. Impuestos sobre las ventas-IVA (F.300).- Impuestos en cascada.- Causación o devengo.- |
| 505 2# - NOTA DE CONTENIDO CON FORMATO |
| Nota de contenido con formato |
Capítulo 3. Retención en la fuente F.350.- Obligaciones del agente de retención.- |
| 505 2# - NOTA DE CONTENIDO CON FORMATO |
| Nota de contenido con formato |
Capítulo 4. Impuestos de industria y comercio-ICA y retención del impuesto de industria y comercio.- Concepto del impuesto de industria y comercio.- Sanciones para R/ICA.- |
| 520 ## - RESUMEN, ETC. |
| Sumario, etc. |
Esta guía está enfocada en la elaboración de los formularios de los impuestos más comunes en las empresas con ejemplos y aplicaciones muy sencillas, por lo cual es un material de consulta práctico para contadores públicos y para el público en general que se quiera documentar sobre la aplicación de los impuestos en Colombia. |
| 521 ## - NOTA DE PÚBLICO DESTINATARIO |
| Nota de público destinatario |
Dirigido a estudiantes de diferentes niveles de formación (técnico, tecnológico, pregrado, etc.) y profesionales de Contabilidad, Economía, Ingeniería Industrial, Administración de Empresas, ya que abarca temas fundamentales en su carrera. |
| 650 ## - PUNTO DE ACCESO ADICIONAL DE MATERIA--TÉRMINO DE MATERIA |
| Término de materia o nombre geográfico como elemento de entrada |
FINANZAS EMPRESARIALES |
| 9 (RLIN) |
1826 |
| 650 ## - PUNTO DE ACCESO ADICIONAL DE MATERIA--TÉRMINO DE MATERIA |
| Término de materia o nombre geográfico como elemento de entrada |
COMPAÑIAS |
| Subdivisión de forma |
impuestos |
| Subdivisión geográfica |
Colombia |
| 9 (RLIN) |
6225 |
| 650 ## - PUNTO DE ACCESO ADICIONAL DE MATERIA--TÉRMINO DE MATERIA |
| Término de materia o nombre geográfico como elemento de entrada |
EMPRESAS |
| Subdivisión de forma |
impuestos |
| Subdivisión geográfica |
Colombia |
| 9 (RLIN) |
6226 |
| 653 ## - TÉRMINO DE INDIZACIÓN--NO CONTROLADO |
| Término no controlado |
ESTADOS FINANCIEROS |
| 653 ## - TÉRMINO DE INDIZACIÓN--NO CONTROLADO |
| Término no controlado |
REGÍMENES TRIBUTARIOS |
| 856 ## - LOCALIZACIÓN Y ACCESO ELECTRÓNICOS |
| Identificador Uniforme de Recursos PDF |
<a href="https://www.ecoeediciones.com/wp-content/uploads/2022/02/9789585032330.pdf">https://www.ecoeediciones.com/wp-content/uploads/2022/02/9789585032330.pdf</a> |
| 942 ## - ELEMENTOS DE ENTRADA SECUNDARIOS (KOHA) |
| Fuente del sistema de clasificación o colocación |
Clasificación Decimal Dewey |
| Tipo de ítem Koha |
Libros |
| Suprimir en OPAC |
No |
| Edición |
21 |